Ekonomické aspekty manažérstva kvality
Potreba zlepšovania a zvyšovania kvality a zavádzanie systému manažérstva kvality podnikateľskými subjektami. Charakteristika systému manažérstva kvality. Ekonomické aspekty manažérstva kvality. Účinky systému kvality. Finančný a ekonomický úžitok z aplikácie zásad manažérstva kvality.
Enregistré dans:
| Auteur principal: | |
|---|---|
| Format: | Chapitre de livre |
| Langue: | slovaque |
| Sujets: | |
| Tags: |
Pas de tags, Soyez le premier à ajouter un tag!
|
MARC
| LEADER | 00000nla$a2200000$$$4500 | ||
|---|---|---|---|
| 001 | 0084849 | ||
| 005 | 20240523124658.0 | ||
| 041 | 0 | |a slo | |
| 044 | |a CZ | ||
| 245 | 1 | 0 | |a Ekonomické aspekty manažérstva kvality |c Paulína Krnáčová |
| 520 | |a Potreba zlepšovania a zvyšovania kvality a zavádzanie systému manažérstva kvality podnikateľskými subjektami. Charakteristika systému manažérstva kvality. Ekonomické aspekty manažérstva kvality. Účinky systému kvality. Finančný a ekonomický úžitok z aplikácie zásad manažérstva kvality. | ||
| 610 | 2 | 0 | |a manažment |
| 610 | 2 | 0 | |a kvalita |
| 610 | 2 | 0 | |a riadenie kvality |
| 610 | 2 | 0 | |a náklady |
| 610 | 2 | 0 | |a tržby |
| 610 | 2 | 0 | |a konkurencieschopnosť |
| 610 | 2 | 0 | |a investície |
| 610 | 2 | 0 | |a normy kvality |
| 100 | 1 | |a Krnáčová, Paulína, 1983- | |